000
00257 a2200109 4500
245
_a
A raising in the sun
_h
Text
100
_a
Lorraine Hansberry
650
_a
literature
650
_a
AMERICAN LITERATURE
005
20191021095808.0
260
_b
Signet
_c
1964
084
_a
PS3515A515R31
999
_c
12686
_d
12686